LIBRARY & INFORMATION CENTRE, KCAET, TAVANUR

ONLINE PUBLIC ACCESS CATALOGUE (OPAC)

HTML & CSS : Design and Build Websites (Record no. 15680)

MARC details
000 -LEADER
fixed length control field 00363nam a22001457a 4500
003 - CONTROL NUMBER IDENTIFIER
control field OSt
008 - FIXED-LENGTH DATA ELEMENTS--GENERAL INFORMATION
fixed length control field 190527b ||||| |||| 00| 0 eng d
020 ## - INTERNATIONAL STANDARD BOOK NUMBER
ISBN 9781118008188
082 ## - DEWEY DECIMAL CLASSIFICATION NUMBER
Classification number 006.74
Item number DUC/HT
100 ## - MAIN ENTRY--AUTHOR NAME
Personal name Duckett, Jon.
245 ## - TITLE STATEMENT
Title HTML & CSS : Design and Build Websites
260 ## - PUBLICATION, DISTRIBUTION, ETC. (IMPRINT)
Name of publisher John Wiley & Sons,INC.
Year of publication 2011
300 ## - PHYSICAL DESCRIPTION
Number of Pages 490 p.
942 ## - ADDED ENTRY ELEMENTS (KOHA)
Koha item type Books
Holdings
Withdrawn status Lost status Damaged status Collection code Home library Current library Shelving location Date acquired Full call number Accession Number Koha item type
      Non-fiction KAUAET KAUAET General Stacks 27/05/2019 006.74 DUC/HT 25918 Books
      Non-fiction KAUAET KAUAET General Stacks 27/05/2019 006.74 DUC/HT 25919 Books
free website counter